عرض عادي
عرض مارك
- Fujimoto, Junhei.
مدخل إسم شخص
001 - رقم الضبط
- حقل الضبط: 51772
003 - معرف رقم الضبط
- حقل الضبط: OSt
005 - تاريخ ووقت أخر عملية
- حقل الضبط: 20151011085439.0
008 - عناصر بيانات ثابتة الطول
- حقل تحكم ثابت الطول: 151011|| aca||aabn | a|a d
040 ## - مصدر الفهرسة
- هيئة الفهرسة الأصلية: OSt
- وكالة الكتابة: OSt
100 ## - مدخل -- أسم شخص
- إسم شخص: Fujimoto, Junhei.
670 ## - بيانات المصدر موجوده
- الاستشهاد بالمصدر: Work cat.: (OSt)0: Rosenstiel, Stephen F. 51765, Contemporary fixed prosthodontics /, 2006.
